000 00253nam a22001097a 4500
999 _c260867
_d260866
020 _a9780545209236
100 _aLiz Kesslen
245 _aPhilippa Fisher's Fairy Godsister
260 _aNew York
_bScholastic
_c2007
300 _a274 pgs
942 _cBK